Statystyki dla Najdłuższe nazwy krajów z jednym słowem • A do Z

Kliknij tutaj aby rozwiązać quiz!

Ogólne statystyki

  • Ten quiz został rozwiązany 1 616 razy
    (971 od ostatniego zresetowania)
  • Średni wynik to 15 z 24

Statystyki odpowiedzi

literyKraj% Poprawnych
Ł5Łotwa
89%
O4Oman
87%
U10Uzbekistan
74%
Z8Zimbabwe
74%
I9Indonezja
73%
T12Turkmenistan
72%
A11Azerbejdzan
71%
P10Portugalia
69%
F9Finlandia
67%
L13Liechtenstein
66%
M10Madagaskar / Mauretania / Mikronezja
64%
V7Vanuatu
64%
W9Wenezuela
63%
H9Hiszpania
62%
J8Jordania
59%
K10Kazachstan
57%
D10Dominikana
53%
R7Rumunia
53%
B10Bangladesz
51%
S10Szwajcaria
49%
G9Gwatemala
47%
N9Nikaragua
44%
C10Czarnogóra
40%
E8Eswatini
35%

Rozkład punktacji

Percentyl według liczby udzielonych odpowiedzi

Procent ludzi z każdym wynikiem

Twoja historia wyników

Nie rozwiązałeś tego quizu od ostatniego zresetowania